00273nam a2200121Ia 4500008004100000041000800041082001200049100001500061245001400076260003000090300002400120365000700144240624s9999 xx 000 0 und d aeng a823 PUZ aPUZO MARIO aGODFATHER c1991aLondonbArrow Books a595 : p. : cm. ; 18 cRS